000 01199nam a2200277Ia 4500
003 OSt
005 20220918110838.0
006 a|||||r|||| 00| 0
007 ta
008 220915b |||||||| |||| 00| 0 hin d
020 _a8186311505 (hbk)
_c2500
024 _a260321
037 _b376, 11/02/2011, Swaraj Prakashan
_cReference Collections
040 _aARTS
_cARTS
_bhin
041 _2hin
_ahin
082 _aO152,1M972x, K7(RR)
100 _aशर्मा, बालकृष्ण
_91722
245 0 _aबालकृष्ण शर्मा ‘नवीन’ काव्य
246 _aBālakṛuṣhṇa sharmā ‘navīna’ kāvya
260 _aनई दिल्ली
_bप्रकाशन संस्थान भारत
_c2009
490 _vभाग 1
650 _aहिन्दी साहित्य
700 _a चतुर्वेदी, नरेशचंद्र, संपा.
942 _hO152,1M972x, K7(RR)
_cREF
999 _c115207
_d115207